Discurso leído por Diego Arias de Miranda Ministro de Gracia y Justicia en la solemne apertura de los tribunales celebrada el 16 de septiembre de 1912 / (Record no. 25478)

MARC details
000 -LEADER
campo de control de longitud fija 00661nam a2200169 i 4500
001 - NÚMERO DE CONTROL
campo de control 25478
003 - IDENTIFICADOR DE NÚMERO DE CONTROL
campo de control ES-MaACL
005 - FECHA Y HORA DE LA ÚLTIMA TRANSACCIÓN
campo de control 20230906153256.0
007 - CAMPO FIJO DE DESCRIPCIÓN FÍSICA--INFORMACIÓN GENERAL
campo de control de longitud fija t|
008 - DATOS DE LONGITUD FIJA--INFORMACIÓN GENERAL
campo de control de longitud fija 021226s1912 sp ||||1| spa d
100 1# - ENTRADA PRINCIPAL--NOMBRE DE PERSONA
Nombre de persona Arias de Miranda, Diego.
9 (RLIN) 22771
245 10 - MENCIÓN DEL TÍTULO
Título Discurso leído por Diego Arias de Miranda Ministro de Gracia y Justicia en la solemne apertura de los tribunales celebrada el 16 de septiembre de 1912 /
Mención de responsabilidad, etc. Diego Arias de Miranda.
260 ## - PUBLICACIÓN, DISTRIBUCIÓN, ETC.
Lugar de publicación, distribución, etc. Madrid :
Nombre del editor, distribuidor, etc. [s.n.],
Fecha de publicación, distribución, etc. 1912 (
Fabricante Est. Tip. y Editorial, Pontejos, 3)
300 ## - DESCRIPCIÓN FÍSICA
Extensión 56 p., [2] h. pleg. ;
Dimensiones 23 cm.
650 #4 - PUNTO DE ACCESO ADICIONAL DE MATERIA--TÉRMINO DE MATERIA
Término de materia o nombre geográfico como elemento de entrada Administración de justicia-
Subdivisión geográfica España.
9 (RLIN) 9621
852 ## - LOCALIZACIÓN
Ubicación ES-MaACL
Número de control de estantería T-1332-F-5
Holdings
Estatus retirado Estado de pérdida Estado de daño No para préstamo Colección Biblioteca de origen Biblioteca actual Ubicación en estantería Fecha de adquisición Fuente de adquisición Total de préstamos Signatura topográfica completa Código de barras Visto por última vez Precio de reemplazo Tipo de ítem Koha
        Colección de folletos Biblioteca del Ateneo de Madrid Biblioteca del Ateneo de Madrid Depósito folletos 17/01/2008     T-1332-F-5 1026268 23/02/2023 23/02/2023 Folleto